Defensa de la democràcia : I la democràcia ... / A. Rovira i Virgili ; amb unes paraules d'E. Gómez de Baquero I la democràcia ... / A. Rovira i Virgili ; amb unes paraules d'E. Gómez de Baquero
Descripción Física:
204 p. ; [1] f. ; 20 cm
Otros Autores:
Gómez de Baquero, Eduardo
Materias:
Democràcia
MARC
| LEADER | 00000nam a2200000Ia 4500 | ||
|---|---|---|---|
| 001 | 779 | ||
| 003 | BGR | ||
| 005 | 20260324175334.0 | ||
| 008 | 160829s1930 xx 000 0 cat d | ||
| 080 | |a M-3-25 | ||
| 100 | 1 | |a Rovira i Virgili, Antoni, |d 1882-1949 |9 25588 | |
| 245 | |a Defensa de la democràcia : |b I la democràcia ... / A. Rovira i Virgili ; amb unes paraules d'E. Gómez de Baquero | ||
| 260 | |a Barcelona : |b Fundació Valentí Almirall, |c 1930 | ||
| 300 | |a 204 p. ; |c [1] f. ; |c 20 cm | ||
| 650 | 0 | |a Democràcia |9 27773 | |
| 700 | |a Gómez de Baquero, Eduardo |9 27875 | ||
| 710 | 2 | |a Fundació Valentí Almirall |9 70910 | |
| 901 | |a Arxiu | ||
| 942 | |n 1 |2 udc |c MON | ||
| 952 | |0 0 |1 0 |4 0 |6 M325 |7 1 |9 44579 |a Arxiu |b Arxiu |d 2016-12-01 |l 0 |o M-3-25 |p 779 |r 2016-12-01 00:00:00 |w 2016-12-01 |y ARXIU | ||
| 999 | |c 47160 |d 47160 | ||